000 00897nam a2200253Ia 4500
003 OSt
005 20220923224023.0
006 a|||||r|||| 00| 0
007 ta
008 220922b |||||||| |||| 00| 0 hin d
024 _a224,096
037 _cTextual
040 _aARTS
_cARTS
_bhin
041 _2hin
_ahin
082 _aX:326, 152P4
100 _aएंगेल्स, फ्रेडरिख़; नरेश, 'नदीम', अनु.
_9167741
245 0 _aआवास का प्रश्न
246 _aĀvās kā prashna
260 _aनयी दिल्ली
_b प्रकाशन संस्थान
_c2004
300 _a120पृ.
_ccm.
490 _aलोकचेतना - 7
942 _hX:326, 152P4
_cTEXL
_2CC
999 _c368702
_d368702